Acta oeconomica Universitatis Selye vedecký recenzovaný časopis

Guardado en:
Detalles Bibliográficos
Formato: Seriadas
Lenguaje:eslovaco
Publicado: Komárno Univerzita J. Selyeho v Komárne 2017
Etiquetas: Agregar Etiqueta
Sin Etiquetas, Sea el primero en etiquetar este registro!

MARC

LEADER 00000nas2a2200000 4500
001 0242891
005 20220228105252.9
022 |a 1338-6581 
041 0 |a slo 
044 |a SK 
245 1 0 |a Acta oeconomica Universitatis Selye  |b vedecký recenzovaný časopis 
264 1 |a Komárno  |b Univerzita J. Selyeho v Komárne  |c 2017 
773 0 |w eu_un_cat*0161377 
774 0 |w eu_un_cat*0282116